000 00622nam a22001817a 4500
008 160116b xxu||||| |||| 00| 0 eng d
020 _a978-971-9617-13-6
082 _22014
_aDFil 363.254
_bV11p
100 _912425
_aVillaluz, Joner C.
245 _aPolygraphy:
_bLie Detection/
_cJoner C. Villaluz...[and two others].
260 _aQuezon City:
_bWiseman's Books Trading, Inc.,
_cc2014.
300 _avii, 116 pages;
_billustrations;
_c22 cm.
650 0 _912427
_aLie Detectors and Detection.
700 _912428
_aRevisa, William A.
700 _912429
_aPanganoron, Carlito
365 _b298.00
_cPhp
942 _2ddc
_cDFIL
999 _c3731
_d3731